| 000 | 00587nam a2200241 a 4500 | ||
|---|---|---|---|
| 001 | nice12345678 | ||
| 003 | IN_TiNIC | ||
| 005 | 20260116012714.0 | ||
| 008 | 050524s1987 newa grp 000 0 eng | ||
| 020 |
_a _c175 |
||
| 082 | 0 | 0 |
_a297.1977 _bCAR |
| 100 | _aCarre, Olivier | ||
| 245 | _aIslam and the State in the World Today | ||
| 260 |
_aNew Delhi _bManohar Pub. _c1987 |
||
| 300 | _a280p | ||
| 500 | _aincludes index and biblioraphy | ||
| 505 | 2 | _aIndex | |
| 650 | _aIslam and Politics | ||
| 700 | 1 | _aCarre, Olivier | |
| 902 | _bSRS | ||
| 942 | _cBK | ||
| 999 |
_c8032 _d8032 |
||